| 000 | 00528nam a2200181Ia 4500 | ||
|---|---|---|---|
| 003 | LK-CoDNM | ||
| 005 | 20240212152620.0 | ||
| 008 | 010623t1893 xxu||||| |||| 00| 1 Pali d | ||
| 040 |
_aLK-CoDNM _dLK-CoDNM _eLK-CoDNM |
||
| 041 |
_aPali _asin |
||
| 080 |
_a104 _bS 9 |
||
| 100 | _aDharmarathana,M | ||
| 245 | _aමූල කර්මස්ථානය හෙවත් ගිහි වත | ||
| 246 | _aMuula Karmasthanaya hevath Gihi Vatha | ||
| 260 |
_bLakmini Pahana _aColombo _c1893 |
||
| 300 | _b18p., 18 cm | ||
| 942 | _cBK | ||
| 999 |
_c83810 _d83810 |
||